15 Deadliest Epidemics/Pandemics in History - Statistics

General Stats
  • This quiz has been taken 38 times
  • The average score is 4 of 15
Answer Stats
Hint Answer % Correct
#4. 25 - 50m Black Death
100%
#9. 7.1m COVID-19 pandemic
97%
#1. 17 - 100m Spanish Flu
87%
#3. 44m HIV / AIDS pandemic
47%
#2. 15 - 100m Plague of Justinian
10%
#10. 1 - 4m Asian Flu
7%
#8. 5 - 8m Aztec smallpox epidemic
7%
#11. 1 - 4 m Hong Kong Flu
7%
#14. 2m Persian Plague
7%
#12. 2 - 3m Russian typhus epidemic
7%
#15. 2m Tenpyō Epidemic
7%
#7. 5 - 10m Antonine Plague
3%
#6. 5 - 15m Cocoliztli epidemic (1545)
3%
#13. 2 - 2.5m Cocoliztli epidemic (1576)
3%
#5. 12 - 15m Third Plague pandemic
0%
No matching quizzes found
Score Distribution
Percent of People with Each Score
Percentile by Number Answered
Your Score History
You have not taken this quiz